Statistics for Biggest Trading Partners - Thailand

Click here to take the quiz!

General Stats

  • This quiz has been taken 180 times
  • The average score is 17 of 20

Answer Stats

ExportsCountry% Correct
$28.5 BChina
100%
$28.6 BUnited States
99%
$20.3 BJapan
99%
$10.6 BMalaysia
97%
$8.51 BVietnam
97%
$7.71 BIndonesia
97%
$5.52 BIndia
97%
$4.75 BSouth Korea
97%
$9.12 BSingapore
95%
$4.17 BLaos
94%
$10.1 BAustralia
94%
$5.57 BGermany
94%
$4.11 BMyanmar
94%
$4.24 BCambodia
93%
$5.14 BPhilippines
87%
$4.44 BSaudi Arabia
70%
$7.35 BUnited Arab Emirates
67%
$4.51 BMexico
65%
$2.97 BQatar
48%
$3.74 BSwitzerland
47%

Score Distribution

Percentile by Number Answered

Percent of People with Each Score

Your Score History

You have not taken this quiz